La Casa provincial de Caridad : un gigantesco esfuerzo frente a la humanidad desvalida / un gigantesco esfuerzo frente a la humanidad desvalida /
Descripción Física:
Il·lustracions
Colección:
San Jorge,
; núm. 1 (gener 1951), pàg. 41-50
Idioma:
Español
MARC
| LEADER | 00000naa a2200000 a 4500 | ||
|---|---|---|---|
| 008 | 160829s1951 axx er s 0 spa c | ||
| 040 | |a agdb | ||
| 100 | 1 | |a Hernández, Tomás, |d 1919-2013 |9 20277 | |
| 245 | 1 | 3 | |a La Casa provincial de Caridad : |b un gigantesco esfuerzo frente a la humanidad desvalida / |c por T. Hernández Cabezas |
| 300 | |b Il·lustracions | ||
| 490 | |a San Jorge, |v núm. 1 (gener 1951), pàg. 41-50 | ||
| 610 | 2 | 0 | |a Casa de Caritat (Barcelona, Catalunya) |x Història |9 54320 |
| 773 | |t San Jorge. |g Núm. 1 (gener 1951), pàg. 41-50 | ||
| 901 | |a Arxiu | ||
| 942 | |n 1 |2 udc |c ART | ||
| 952 | |0 0 |1 0 |2 udc |4 0 |6 REV508 |7 1 |9 64517 |a Arxiu |b Arxiu |d 2022-11-30 |o Rev-508 |r 2022-11-30 00:00:00 |w 2022-11-30 |y ARXIU |z També disponible a Rev-521 | ||
| 999 | |c 43327 |d 43327 | ||